00264nam a2200097Ia 4500008004100000082001800041100001500059245004300074260004000117300000900157210430s9999 xx 000 0 und d a671.52 W466 W aKlas Weman aWelding Processes HandbookcKlas Weman aNew yorkbWoodhead Publishingc2005 a193p